000 01275nam a2200313 i 4500
003 EG-GICUC
005 20260121101202.0
008 251110s1968 ua ||||fr|||| 00| 0 ara d
040 _a EG-GICUC
_bara
_c EG-GICUC
_d EG-GICUC
_erda
041 _aara
082 0 4 _221
_a345
_bم ح . م
092 0 4 _221
099 _aLaw1 07 345 م ح . م 1 ed - 1968
100 0 _aمحمد كامل ليلة
_eمؤلف.
245 _a مبادئ القانون الإداري:
_b( مقدمة عامة - التنظيم الإداري - نشاط الإدارة ) ،
_nالكتاب الاول /
_cدكتور محمد كامل ليلة
250 _aالطبعة الاولي
264 _aالقاهرة:
_bدار النهضة العربية ،
_c1968.
300 _a694؛ صفحة
_c24 سم
336 _2rda content
_atext
337 _2rda media
_aComputer
338 _2rda carrier
_aOnline Resource
500 _aيشتمل علي ارجاعات ببليوجرافية
546 _aالنص أغلبه باللغة العربية بعض النصوص الإنجليزية والفرنسية
650 1 _aالقانون الإداري
_2qrmak
651 1 _2qrmak
856 4 0 _uhttps://fll.law.cu.edu.eg/fulltext/bks/B07-00612.pdf
905 _a74
942 _2ddc
_n0
_cBK
_e21
999 _c42084
_d42084